Idiomas del mundo - Estadísticas

Estadísticas generales
  • Esta prueba ha sido intentada 1.331 veces
  • La puntuación promedio es 195 de 242
Estadísticas de respuestas
Continente País Idioma % Correcto
África Botsuana Inglés
99%
África Camerún Inglés
99%
África Gambia Inglés
99%
África Ghana Inglés
99%
África Kenia Inglés
99%
África Liberia Inglés
99%
África Madagascar Inglés
99%
África Malaui Inglés
99%
África Mauricio Inglés
99%
África Namibia Inglés
99%
África Nigeria Inglés
99%
África Ruanda Inglés
99%
África Seychelles Inglés
99%
África Sierra Leona Inglés
99%
África Suazilandia Inglés
99%
África Sudáfrica Inglés
99%
África Sudán del Sur Inglés
99%
África Uganda Inglés
99%
África Zambia Inglés
99%
África Zimbabue Inglés
99%
América Antigua y Barbuda Inglés
99%
América Bahamas Inglés
99%
América Barbados Inglés
99%
América Belice Inglés
99%
América Canadá Inglés
99%
América Dominica Inglés
99%
América EEUU Inglés
99%
América Granada Inglés
99%
América Guyana Inglés
99%
América Jamaica Inglés
99%
América San Cristóbal y Nieves Inglés
99%
América Santa Lucía Inglés
99%
América San Vicente y las Granadinas Inglés
99%
América Trinidad y Tobago Inglés
99%
Asia Filipinas Inglés
99%
Asia India Inglés
99%
Asia Kuwait Inglés
99%
Asia Pakistán Inglés
99%
Asia Singapur Inglés
99%
Europa Irlanda Inglés
99%
Europa Malta Inglés
99%
Europa Reino Unido Inglés
99%
Oceanía Australia Inglés
99%
Oceanía Fiyi Inglés
99%
Oceanía Kiribati Inglés
99%
Oceanía Islas Marshall Inglés
99%
Oceanía Islas Salomón Inglés
99%
Oceanía Micronesia Inglés
99%
Oceanía Nauru Inglés
99%
Oceanía Nueva Zelanda Inglés
99%
Oceanía Palaos Inglés
99%
Oceanía Papúa Nueva Guinea Inglés
99%
Oceanía Samoa Inglés
99%
Oceanía Tonga Inglés
99%
Oceanía Tuvalu Inglés
99%
Oceanía Vanuatu Inglés
99%
África Guinea Ecuatorial Español
98%
América Argentina Español
98%
América Bolivia Español
98%
América Chile Español
98%
América Colombia Español
98%
América Costa Rica Español
98%
América Cuba Español
98%
América Ecuador Español
98%
América El Salvador Español
98%
América Guatemala Español
98%
América Honduras Español
98%
América México Español
98%
América Nicaragua Español
98%
América Panamá Español
98%
América Paraguay Español
98%
América Perú Español
98%
América República Dominicana Español
98%
América Uruguay Español
98%
América Venezuela Español
98%
Asia Filipinas Español
98%
Europa España Español
98%
África Benín Francés
98%
África Burkina Faso Francés
98%
África Burundi Francés
98%
África Camerún Francés
98%
África Comoras Francés
98%
África Costa de Marfil Francés
98%
África Gabón Francés
98%
África Guinea Francés
98%
África Madagascar Francés
98%
África Mali Francés
98%
África Níger Francés
98%
África República Centroafricana Francés
98%
África República del Congo Francés
98%
África República Democrática del Congo Francés
98%
África Ruanda Francés
98%
África Senegal Francés
98%
África Seychelles Francés
98%
África Togo Francés
98%
África Yibuti Francés
98%
América Canadá Francés
98%
América Haití Francés
98%
Asia Camboya Francés
98%
Asia Laos Francés
98%
Europa Bélgica Francés
98%
Europa Francia Francés
98%
Europa Luxemburgo Francés
98%
Europa Mónaco Francés
98%
Europa Suiza Francés
98%
Oceanía Vanuatu Francés
98%
África Angola Portugués
97%
África Cabo Verde Portugués
97%
África Guinea Bissau Portugués
97%
África Mozambique Portugués
97%
África Santo Tomé y Príncipe Portugués
97%
América Brasil Portugués
97%
Asia Timor Oriental Portugués
97%
Europa Portugal Portugués
97%
África Argelia Árabe
96%
África Comoras Árabe
96%
África Egipto Árabe
96%
África Eritrea Árabe
96%
África Etiopía Árabe
96%
África Libia Árabe
96%
África Marruecos Árabe
96%
África Mauritania Árabe
96%
África Somalia Árabe
96%
África Sudán Árabe
96%
África Túnez Árabe
96%
Asia Arabia Saudí Árabe
96%
Asia Baréin Árabe
96%
Asia Catar Árabe
96%
Asia Emiratos Árabes Unidos Árabe
96%
Asia Irak Árabe
96%
Asia Israel Árabe
96%
Asia Jordania Árabe
96%
Asia Kuwait Árabe
96%
Asia Líbano Árabe
96%
Asia Omán Árabe
96%
Asia Siria Árabe
96%
Asia Yemen Árabe
96%
Europa Alemania Alemán
94%
Europa Austria Alemán
94%
Europa Bélgica Alemán
94%
Europa Liechtenstein Alemán
94%
Europa Suiza Alemán
94%
Asia China Chino
93%
Europa Italia Italiano
92%
Europa San Marino Italiano
92%
Europa Vaticano Italiano
92%
Asia Kazajstán Ruso
92%
Asia Rusia Ruso
92%
Asia Japón Japones
91%
Asia Corea del Norte Coreano
89%
Asia Corea del Sur Coreano
89%
Asia Chipre Griego
87%
Europa Grecia Griego
87%
Europa Suecia Sueco
87%
Europa Andorra Catalán
85%
Europa España Catalán
85%
Europa Noruega Noruego
85%
Asia Chipre Turco
85%
Asia Turquía Turco
85%
Europa Polonia Polaco
82%
Europa Ucrania Ucraniano
81%
Europa Bosnia y Herzegovina Serbio
80%
Europa Montenegro Serbio
80%
Europa Serbia Serbio
80%
Europa Bosnia y Herzegovina Croata
79%
Europa Croacia Croata
79%
Europa Finlandia Finlandés
79%
Europa Hungría Húngaro
79%
Europa Irlanda Irlandés
79%
Europa Dinamarca Danés
78%
Europa Islandia Islandés
78%
Asia Tailandia Tai
77%
Europa Bulgaria Búlgaro
76%
Europa República Checa Checo
76%
Europa Bélgica Neerlandés
76%
Europa Letonia Letón
75%
Europa Eslovaquia Eslovaco
74%
Asia Mongolia Mongol
74%
Asia Vietnam Vietnamita
72%
Europa España Euskera
71%
América Surinam Neerlandés
71%
Europa Países Bajos Neerlandés
71%
Asia Armenia Armenio
69%
Europa Estonia Estonio
69%
Europa España Gallego
69%
Europa Lituania Lituano
69%
Europa Malta Maltés
69%
Europa Eslovenia Esloveno
68%
Asia Israel Hebreo
66%
Asia India Hindi
66%
Europa Albania Albanés
65%
Europa Moldavia Moldavo
64%
Europa Bielorrusia Bielorruso
62%
Europa Macedonia Macedonio
62%
Asia Brunéi Malayo
58%
Asia Malasia Malayo
58%
Asia Singapur Malayo
58%
América Perú Quechua
58%
Asia Georgia Georgiano
57%
Asia Nepal Nepalí
56%
Asia Kazajstán Kazajo
54%
Asia Afganistán Persa
54%
Asia Irán Persa
54%
Europa Suiza Suizo
54%
África Somalia Somali
53%
América Paraguay Guaraní
52%
Asia Uzbekistán Uzbeko
50%
Asia Bangladés Bengali
44%
África Sudáfrica Afrikaans
42%
Asia Myanmar Birmano
38%
Oceanía Samoa Samoano
37%
Asia Pakistán Urdu
37%
Asia Filipinas Tagalo
36%
Asia Kirguistán Kirguis
34%
Oceanía Nueva Zelanda Maori
34%
Asia Azerbaiyán Azeri
30%
Oceanía Fiyi Fiyiano
29%
Asia Tayikistán Tayiko
29%
África Kenia Suahili
27%
África Tanzania Suahili
27%
Asia Maldivas Maldivo
26%
Asia Singapur Tamil
25%
Asia Sri Lanka Tamil
25%
Asia Laos Laosiano
24%
Oceanía Tonga Tongano
24%
Asia Turkmenistán Turcomano
24%
África Suazilandia Suazi
22%
América Bolivia Aimara
20%
África Madagascar Malgache
20%
Oceanía Tuvalu Tuvaluano
20%
Asia Indonesia Indonesia
17%
Europa Luxemburgo Luxemburgo
16%
Asia Sri Lanka Cingalés
15%
Oceanía Kiribati Kiribatiano
15%
Oceanía Islas Marshall Marshalés
14%
África Eritrea Tigriña
10%
Oceanía Paalaos Palaosiano
9%
Asia Camboya Khmer
7%
Oceanía Vanuatu Bislama
6%
Asia Bután Dzongka
4%
Asia Afganistán Patsún
3%
África Malaui Chicheua
2%
No se encontraron pruebas coincidentes
Distribución de puntuación
Porcentaje de gente con cada puntuación
Porcentaje por número respondido
Historial de tus puntuaciones
No has intentado esta prueba.